01319nam a2200301Ia 450000500170000000800410001702000150005810000380007324500490011125000190016030000420017949000520022150000370027365000360031065000450034665000450039194200120043626400310044833600270047933700330050633800280053904000350056708400150060299900150061795201300063295201270076295201280088920220317000548.0160601s2005 ck a g 000 0 und  a95863337441 aGarcía Cárcel, Ricardod1948-13aLa inquisición cRicardo García Cárcel a2a. edición  a96 páginas bilustraciones c20 cm  aColección biblioteca básicapSerie historia aIncluye: Cronología y Glosario142LEMBaInquisición xHistoria 142LEMBaPersecución religiosa xHistoria142LEMBaIglesia xHistoria zEdad moderna  2loccBK aBogotá bRei Andesc2005 atextobtxt2rdacontent asin mediaciónbn2rdamedia avolumenbnc2rdacarrier aCO-BoRNBPbspaerdacCO-BoRNBP a272.2 G17i c4395d4395 00102ddc40708GENaMEPRICObMEPRICOcGENd2022-12-16l0o272.2G17IpPR000000300r2022-12-16 00:00:00tEj.1w2022-12-16yBK 00102ddc40708GENaMEMAPIRIbMEMAPIRIcGENd2023-03-17l0o272.2pMAP0000130r2023-03-17 00:00:00tEj.1w2023-03-17yBK 00102ddc40708GENaMEURIBEbMEURIBEcGENd2024-05-22l0o272.2 G17lpURI00133r2024-05-22 15:53:11tEj.1w2024-05-22yBK